000 01012nam a22002897a 4500
001 5209
003 FISKH
005 20241119100619.0
008 241119b cb ||||| |||| 00| 0 eng d
020 _a9780746061961
040 _aFISKH
_beng
_cFISKH
_dFISKH
082 _a823.92
100 _aAmery, Heather
245 _aThe grumpy goat /
_cHeather Amery Illustrated by Stephen Cartwright Language consultant : Betty Root Series editor: Jenny Tyler
250 _aThis edition first published in 2004
260 _aLondon :
_bUsborne,
_c2004.
300 _a15 pages :
_bColor illustrations ;
_c21 cm
505 _aJ
520 _aPoppy and Sam have lots of clever ideas, but they can't coax Gertie out of her pen until Rusty comes to the rescue. But why does Gertie want to stay in her pen?
521 8 _a490L
_bLexile
521 8 _aJ
_bRaz-Plus
650 _2Farm
_aFiction
650 _2Animals
_aGoats
700 _aCartwright, Stephen
_dIllustrator
942 _2ddc
_cBK
_n0
999 _c5209
_d5209